000 00445nam a2200181Ia 4500
008 220531s9999 xx 000 0 und d
041 _aeng
082 _bRAN
100 _aRanga, Mukesh And Chandra, Ashish
_945885
245 _aTourism And Hospitality In 21 St Century
250 _a1ST
260 _bDPH
_c1999
300 _a399
542 _d20-08-2003
650 _aGeography
_945886
906 _d2003-2004
999 _c27051
_d27051